000 00701nam a22002057a 4500
001 298
003 FISKH
005 20250911101855.0
008 230317b cb ||||| |||| 00| 0 eng d
040 _aFISKH
_beng
_cFISKH
_dFISKH
082 _a592
100 _aLegg, Gerald
245 _aKnowledge masters:
_bMinibeasts /
_cWritten by Gerald Legg
300 _a32 p.
_c28 cm.
505 _aF
520 _a- A perfect aid for school projects or homework tasks.- Contains interactive CD-ROMS and the latest internet links to bring the text to life.- Striking full-colour illustrations to grab and keep the child's attention.
521 8 _a400
_bLexile
521 8 _aF
_bRaz-Plus
942 _2ddc
_cBK
_n0
999 _c298
_d298